Responses for Show #6627 - Tuesday, June 11, 2013

Contestants

[<< previous game]

Judy Wang, an assistant professor of engineering from Highlands Ranch, Colorado

Bill Matheny, a Catholic priest from Wheeling, West Virginia

Tim Anderson, a Spanish professor from Rockford, Illinois (whose 2-day cash winnings total $40,001)

[next game >>]

Jeopardy! Round responses

RANK
FILE
A ROUND OF GULF COAST
ANOTHER BLACK FRIDAY
OH SEE, CAN YOU SAY?
END OF THE ALPHABET
    $200 11
private

Tim
    $200 13
income tax (return)

Judy!
    $200 20
New Orleans

Bill
    $200 25
gold

Tim
    $200 3
Bonnie & Clyde

Judy!
    $200 1
Libra

Judy!
    $400 12
sergeant

Judy!
    $400 14
an extension

Tim
    $400 21
Biloxi

Bill
    $400 26
a tornado

Bill
    $400 4
(Tim: What is... the [*] Mustang?)

Ford

Tim
    $400 2
(Tim: What is ride it?)

eat it

TimJudy!
    $600 15
colonel

Tim
    $600 18
an emery board

Tim
    $600 22
Mobile

Bill
    $600 27
Tehran

Tim
    $600 5
(Tim: What is a... quail?)

a lyre

Tim
Triple Stumper
    $600 6
chess

Triple Stumper
    $800 16
major

Judy!
    $800 19
(Tim: What is the Sunshine Act?)

the Freedom of Information Act

TimBill
    $800 23
Galveston

Tim
    $800 28
Hollywood

Triple Stumper
    $800 9
Saudi Arabia

Judy!
    $800 7
South Africa

Triple Stumper
    $1000 17
captain

Triple Stumper
    $1000 30
(Judy!: What is Rathbone?)

Frankweiler

Judy!
Triple Stumper
    $1000 24
St. Petersburg

Bill
    $1,000 29
Australia

Tim
    $1000 10
(Joe) Lieberman

Tim
    $1000 8
Zoroastrianism

Tim

Scores at the first commercial break (after clue 15):

Tim Bill Judy!
$2,600 $0 $2,200

Scores at the end of the Jeopardy! Round:

Tim Bill Judy!
$5,000 $3,400 $2,000

Double Jeopardy! Round responses

THE MONROE DOCTRINE
I SANG THE JAMES BOND SONG
BIOLOGY
ANTI UP
MOOLAH! SCRATCH! DUCATS!
SHAKESPEAREAN BEFORE & AFTER
    $400 4
Spain

Triple Stumper
    $400 14
Adele

Tim
    $400 1
color blindness

Tim
    $400 2
antic

Tim
    $400 19
Egypt

Judy!
    $400 21
Stratford-on-Avon calling

Tim
    $800 5
John Quincy Adams

Tim
    $800 15
Carly Simon

Bill
    $800 20
keratin

Bill
    $800 3
opposite

Bill
    $800 22
(Bill: What is Tet?)

the Chinese New Year

TimBill
    $1200 6
Port-au-Prince

Tim
    $1200 16
Duran Duran

Bill
    $1,000 26
(Bill: What is the jawbone?)

the mandible

Bill
    $1200 9
itchiness

Judy!
    $1200 23
(Judy: What is Great Britain?)
(Alex: That's a 20-dollar bill in [*].)

Canada

Judy!
Triple Stumper
    $1,200 7
(Tim: [After a long pause] What is the Gadsden Territory?)

the Oregon Territory

Tim
    $1600 17
(Judy!: Who is Shirley Bassey?)

Tom Jones

Judy!
Triple Stumper
    $1600 12
spores

Judy!
    $1600 10
anticlimactic

Tim
    $1600 24
rupee(s)

Tim
    $1600 28
[end-of-round signal sounds]

A Twelfth Night Owl

Triple Stumper
    $2000 8
(Judy!: What is the Bay of Pigs?)

the Cuban missile crisis

Judy!
Triple Stumper
    $2000 18
[Judy! is trying very hard to ring in but Tim beats her to it.]
...
(Alex: Now's the time for her.)
[audience laughs]

Shirley Bassey

Tim
    $2000 13
the medulla

Tim
    $2000 11
an anticoagulant

Judy!
    $2000 25
the franc

Bill
    $2000 27
A Midsummer Night's Dream House

Triple Stumper

Scores at the end of the Double Jeopardy! Round:

Tim Bill Judy!
$15,400 $7,200 $2,400
(lock game)

[wagering suggestions for these scores]

Final Jeopardy! Round responses

AMERICAN LITERATURE
(Alex: This work is by one of my favorite authors--favorite American authors.)
...
(Alex: [To Tim] The [*]--Huck rafting down the Mississippi for almost a year, and you are correct.)
Judy!What is Uncle Tom's Cabin??
$2,399
BillWhat is Tom Sawyer?
$2,300
TimWhat is The Adventures of Huckleberry Finn
$600
Adventures of Huckleberry Finn

Final scores:

Tim Bill Judy!
$16,000 $4,900 $1
3-day champion: $56,001 2nd place: $2,000 3rd place: $1,000

Game dynamics:

Coryat scores:

Tim Bill Judy!
$16,600 $8,200 $2,400
22 R
(including 1 DD),
4 W
(including 1 DD)
11 R,
2 W
(including 1 DD)
11 R,
4 W

Combined Coryat: $27,200

[game clues] [game scores] [suggest correction]

Game tape date: 2013-02-05
The J! Archive is created by fans, for fans. Scraping, republication, monetization, and malicious use prohibited; this site may use cookies and collect identifying information. See terms. The Jeopardy! game show and all elements thereof, including but not limited to copyright and trademark thereto, are the property of Jeopardy Productions, Inc. and are protected under law. This website is not affiliated with, sponsored by, or operated by Jeopardy Productions, Inc. Join the discussion at JBoard.tv.